| 000 | 00639nam a2200205Ia 4500 | ||
|---|---|---|---|
| 003 | GCL | ||
| 008 | 140319s9999 xx 000 0 ara d | ||
| 040 |
_aGCL / _cGCL |
||
| 082 | 0 | 4 |
_aق _b598 _bو ط |
| 100 | 1 | _aويمير، تشارلز | |
| 245 | 1 | 0 |
_aالطيور المصرية (هدية من الاديب عبدالفتاح الجمل) / _cويمير، تشارلز |
| 700 | 1 | _aسامية مراد | |
| 700 | 1 | _aانور عبدالعليم | |
| 300 | _a167 ص | ||
| 490 |
_aالالف كتاب _v0 |
||
| 650 | 0 | 4 | _aالعادات والسلوك |
| 650 | 0 | 4 | _aهجرة |
| 650 | 0 | 4 | _aالطيور المصرية |
| 942 |
_2ddc _cBK |
||
| 999 |
_c39230 _d39230 |
||